[Event "Bashanta Summer"]
[Site "Gorodovikovsk"]
[Date "2008.07.??"]
[Round "1"]
[White "Dzhungurov, Vasily"]
[Black "Saldusov, Aleksander"]
[Result "0-1"]
[WhiteElo "1985"]
[BlackElo "1956"]
[PlyCount "86"]
[EventDate "2008.07.16"]
[EventType "tourn"]
[EventRounds "9"]
[EventCountry "RUS"]
[SourceTitle "EXT 2022"]
[Source "ChessBase"]
[SourceDate "2021.10.06"]
[SourceVersion "1"]
[SourceVersionDate "2021.10.06"]
[SourceQuality "1"]

1. d4 c5 2. d5 Nf6 3. c4 g6 4. Nc3 d6 5. e4 Bg7 6. Nf3 Nbd7 7. Bd3 0-0 8. 0-0 Ng4 9. h3 Nge5 10. Nxe5 Nxe5 11. Be2 f5 12. f4 Nf7 13. Bd3 Nh6 14. Be3 fxe4 15. Bxe4 Qb6 16. Rb1 Nf5 17. Bf2 Bd4 18. Bxd4 cxd4 19. Na4 Qb4 20. Bxf5 Bxf5 21. Rc1 Rac8 22. a3 Qa5 23. b3 d3 24. Rf2 b5 25. Nb2 bxc4 26. bxc4 Qxa3 27. Ra1 Qc5 28. Qd2 Qd4 29. Re1 Rc7 30. g4 Bc8 31. Qe3 d2 32. Qxd2 Qxd2 33. Rxd2 Rxf4 34. Rf2 Rd4 35. Ref1 e6 36. g5 exd5 37. Rf8+ Kg7 38. Re8 Bxh3 39. Rfe1 dxc4 40. R8e7+ Rxe7 41. Rxe7+ Kf8 42. Rxa7 c3 43. Na4 c2 0-1

[Event "Bashanta Summer"]
[Site "Gorodovikovsk"]
[Date "2008.07.??"]
[Round "3"]
[White "Gusev, Alex"]
[Black "Saldusov, Aleksander"]
[Result "0-1"]
[WhiteElo "2133"]
[BlackElo "1956"]
[PlyCount "108"]
[EventDate "2008.07.16"]
[EventType "tourn"]
[EventRounds "9"]
[EventCountry "RUS"]
[SourceTitle "EXT 2022"]
[Source "ChessBase"]
[SourceDate "2021.10.06"]
[SourceVersion "1"]
[SourceVersionDate "2021.10.06"]
[SourceQuality "1"]

1. e4 c5 2. Nf3 e6 3. c3 d5 4. e5 Nc6 5. d4 Qb6 6. Bd3 Bd7 7. 0-0 cxd4 8. cxd4 Nxd4 9. Nxd4 Qxd4 10. Nc3 Qxe5 11. Re1 Qd6 12. Nb5 Qb8 13. Qf3 Bd6 14. Nxd6+ Qxd6 15. Bf4 Qe7 16. Qg3 f6 17. Bd6 Qf7 18. f4 Ne7 19. Rac1 Rc8 20. Rxc8+ Nxc8 21. Ba3 Ne7 22. Rc1 Bc6 23. Qh3 a6 24. Bd6 Kd7 25. Bb4 g6 26. Qe3 Rc8 27. Qc5 Ke8 28. Qd6 Rd8 29. Qc7 Nf5 30. Qb6 d4 31. Bxa6 Qd7 32. Qc5 Qd6 33. Qb6 Qd5 34. Bf1 Ne3 35. Qc7 Qd7 36. Qb6 Nxf1 37. Qc5 Kf7 38. Kxf1 Re8 39. Rd1 e5 40. fxe5 fxe5 41. Kg1 Qg4 42. Qc4+ Kg7 43. Rd2 Rc8 44. Rf2 Bf3 45. Qf1 e4 46. Bd6 Qg5 47. h4 Qxh4 48. gxf3 Qg5+ 49. Rg2 Qe3+ 50. Kh2 exf3 51. Rf2 Rc1 52. Be5+ Qxe5+ 53. Kh3 Rxf1 54. Rxf1 Qe2 0-1

[Event "Bashanta Summer"]
[Site "Gorodovikovsk"]
[Date "2008.07.??"]
[Round "8"]
[White "Papuev, Victor"]
[Black "Saldusov, Aleksander"]
[Result "0-1"]
[WhiteElo "1763"]
[BlackElo "1956"]
[PlyCount "36"]
[EventDate "2008.07.16"]
[EventType "tourn"]
[EventRounds "9"]
[EventCountry "RUS"]
[SourceTitle "EXT 2022"]
[Source "ChessBase"]
[SourceDate "2021.10.06"]
[SourceVersion "1"]
[SourceVersionDate "2021.10.06"]
[SourceQuality "1"]

1. d4 c5 2. c3 cxd4 3. cxd4 Nf6 4. Nc3 d5 5. Nf3 Bf5 6. Bf4 Nc6 7. e3 a6 8. Be2 e6 9. 0-0 Bd6 10. Bxd6 Qxd6 11. a3 0-0 12. Nh4 Bg6 13. f4 Ne7 14. Nxg6 fxg6 15. Bd3 Nf5 16. Qd2 Ng4 17. Rae1 Nfxe3 18. Rxe3 Rxf4 0-1

[Event "Bashanta Summer"]
[Site "Gorodovikovsk"]
[Date "2008.07.??"]
[Round "6"]
[White "Saldusov, Aleksander"]
[Black "Shilin, Ivan"]
[Result "1/2-1/2"]
[WhiteElo "1956"]
[BlackElo "2171"]
[PlyCount "65"]
[EventDate "2008.07.16"]
[EventType "tourn"]
[EventRounds "9"]
[EventCountry "RUS"]
[SourceTitle "EXT 2022"]
[Source "ChessBase"]
[SourceDate "2021.10.06"]
[SourceVersion "1"]
[SourceVersionDate "2021.10.06"]
[SourceQuality "1"]

1. c4 e6 2. d4 d5 3. Nc3 c6 4. cxd5 exd5 5. Nf3 Nf6 6. Bg5 Be7 7. e3 Bf5 8. Bd3 Bxd3 9. Qxd3 Nbd7 10. 0-0 0-0 11. Rab1 h6 12. Bh4 a6 13. b4 b5 14. Rfc1 Nb6 15. Ne5 Rc8 16. f3 Nfd7 17. Bg3 Re8 18. Ne2 Nxe5 19. dxe5 Nc4 20. Nd4 Bh4 21. f4 Bxg3 22. hxg3 a5 23. a3 Qb6 24. Kf2 Rc7 25. Rh1 axb4 26. axb4 Ra7 27. Ra1 Rea8 28. Rxa7 Rxa7 29. Qf5 Nxe3 30. Kxe3 Ra3+ 31. Ke2 Qxd4 32. Qc8+ Kh7 33. Qf5+ 1/2-1/2

[Event "Pskov 5th op"]
[Site "Pskov"]
[Date "2008.06.29"]
[Round "9.8"]
[White "Saldusov, Aleksander"]
[Black "Martynov, Pavel"]
[Result "1/2-1/2"]
[WhiteElo "1956"]
[BlackElo "2438"]
[PlyCount "76"]
[EventDate "2008.06.22"]
[EventType "swiss"]
[EventRounds "9"]
[EventCountry "RUS"]
[SourceTitle "EXT 2022"]
[Source "ChessBase"]
[SourceDate "2021.10.06"]
[SourceVersion "1"]
[SourceVersionDate "2021.10.06"]
[SourceQuality "1"]

1. d4 d5 2. c4 dxc4 3. Nc3 c5 4. Nf3 Nf6 5. e3 e6 6. Bxc4 a6 7. a4 Nc6 8. 0-0 Qc7 9. d5 exd5 10. Nxd5 Nxd5 11. Bxd5 Be7 12. e4 0-0 13. h3 b6 14. a5 b5 15. Be3 Bb7 16. Qc1 Nxa5 17. Bf4 Qb6 18. b4 Nc6 19. bxc5 Bxc5 20. Qb2 Nd4 21. Ne5 Bxd5 22. Nd7 Qc6 23. Nxc5 Qxc5 24. exd5 Rfd8 25. Be3 Rxd5 26. Rfd1 Rad8 27. Rd2 Qc4 28. Rc1 Qxc1+ 29. Qxc1 Ne2+ 30. Rxe2 Rd1+ 31. Kh2 Rxc1 32. Bxc1 a5 33. Bd2 b4 34. Re1 f6 35. f3 Rd5 36. Re8+ Kf7 37. Rb8 Ke6 38. h4 Kd6 1/2-1/2

[Event "Pskov 5th op"]
[Site "Pskov"]
[Date "2008.06.27"]
[Round "6.14"]
[White "Saldusov, Aleksander"]
[Black "Glodyan, Dmitry"]
[Result "1-0"]
[WhiteElo "1956"]
[BlackElo "1949"]
[PlyCount "106"]
[EventDate "2008.06.22"]
[EventType "swiss"]
[EventRounds "9"]
[EventCountry "RUS"]
[SourceTitle "EXT 2022"]
[Source "ChessBase"]
[SourceDate "2021.10.06"]
[SourceVersion "1"]
[SourceVersionDate "2021.10.06"]
[SourceQuality "1"]

1. d4 d5 2. c4 c6 3. Nc3 Nf6 4. Nf3 e6 5. Bg5 dxc4 6. a4 Bb4 7. e3 Qa5 8. Bxf6 Bxc3+ 9. bxc3 Qxc3+ 10. Nd2 gxf6 11. Rc1 Qa5 12. Bxc4 Qg5 13. 0-0 0-0 14. f4 Qh6 15. Rf3 Kh8 16. Rh3 Qg6 17. Qe2 Rg8 18. Rf1 Qg4 19. Rff3 f5 20. Qf2 Nd7 21. Be2 Qg6 22. Rfg3 Qf6 23. Nf3 Rxg3 24. Qxg3 Nf8 25. Ng5 Bd7 26. Qh4 Qg7 27. Bh5 Be8 28. Rg3 Ng6 29. Bxg6 fxg6 30. Nxe6 Qf7 31. Rh3 h5 32. Nd8 Qd7 33. Qf6+ Kg8 34. Ne6 Qf7 35. Qe5 Qe7 36. Rg3 b5 37. axb5 cxb5 38. Qxf5 Qf7 39. Rxg6+ Qxg6 40. Qf8+ Kh7 41. Ng5+ Qxg5 42. fxg5 a5 43. Qh6+ Kg8 44. g6 Ra7 45. Qxh5 a4 46. Qc5 Rg7 47. Qd5+ Kf8 48. e4 Rxg6 49. e5 Ke7 50. h4 Rc6 51. Kh2 b4 52. Qb5 b3 53. Qb7+ Ke6 1-0